| 000 | 00621 a2200205 4500 | ||
|---|---|---|---|
| 999 |
_c8311 _d8311 |
||
| 020 | _a9781412945271 | ||
| 020 | _a9781412945288 (pbk.) | ||
| 050 | 0 | 0 | _aPN4784.F6 WIL 2011 |
| 100 | 1 |
_aWilliams, Kevin, _d1955- |
|
| 245 | 1 | 0 |
_aInternational journalism / _cKevin Williams. |
| 264 |
_aLos Angeles: _bSAGE, _c2011 |
||
| 300 | _aix, 205 p. ; | ||
| 500 | _aIncludes index | ||
| 504 | _aIncludes bibliographical references (p. [175]-198) and index. | ||
| 650 | 0 | _aForeign correspondents. | |
| 650 | 0 | _aForeign news. | |
| 650 | 0 | _aCommunication, International. | |
| 650 | 0 | _aJournalism. | |
| 942 |
_2lcc _cBK _h4784.F6 _iWIL _kPN |
||